[Event "Paleochora op 13th"]
[Site "Paleochora"]
[Date "2020.07.18"]
[Round "1"]
[White "Ernst, Sipke"]
[Black "Farou, Fabrice"]
[Result "1-0"]
[WhiteElo "2540"]
[BlackElo "1834"]
[PlyCount "23"]
[EventDate "2020.07.18"]
[EventType "swiss"]
[EventRounds "9"]
[EventCountry "GRE"]
[SourceTitle "CBM 197 Extra"]
[Source "ChessBase"]
[SourceDate "2020.09.30"]
[SourceVersion "1"]
[SourceVersionDate "2020.09.30"]
[SourceQuality "1"]

1. d4 d6 2. e4 g6 3. Nc3 Nd7 4. f4 c5 5. Nf3 cxd4 6. Qxd4 Ngf6 7. e5 Nh5 8. e6 fxe6 9. Qxh8 Ndf6 10. g4 Nxg4 11. Qxh7 Kd7 12. Qxg6 1-0